Urban Micro Climate Analysis Of Pune City : Aundh (Record no. 360955)

MARC details
000 -LEADER
fixed length control field 00281nam a2200097Ia 4500
008 - FIXED-LENGTH DATA ELEMENTS--GENERAL INFORMATION
fixed length control field 241105s9999 xx 000 0 und d
041 ## - LANGUAGE CODE
Language code of text/sound track or separate title eng
100 ## - MAIN ENTRY--PERSONAL NAME
Personal name Nimbalkar Shalaka
9 (RLIN) 182664
245 ## - TITLE STATEMENT
Title Urban Micro Climate Analysis Of Pune City : Aundh
260 ## - PUBLICATION, DISTRIBUTION, ETC. (IMPRINT)
Name of publisher, distributor, etc. BNCA M Arch EA, Pune
Date of publication, distribution, etc. 2014

No items available.